<?xml version="1.0" encoding="UTF-8"?>
<collection xmlns="http://www.loc.gov/MARC21/slim">
 <record>
  <leader>03752ckm a2200781 c 4500</leader>
  <controlfield tag="001">300228678</controlfield>
  <controlfield tag="003">DE-627</controlfield>
  <controlfield tag="005">20250224151316.0</controlfield>
  <controlfield tag="007">ku |||</controlfield>
  <controlfield tag="008">990722s1999    gw ||| |      |   ||ger c</controlfield>
  <datafield tag="016" ind1="7" ind2=" ">
   <subfield code="a">956757472</subfield>
   <subfield code="2">DE-101</subfield>
  </datafield>
  <datafield tag="020" ind1=" " ind2=" ">
   <subfield code="a">3520194031</subfield>
   <subfield code="c">Gewebe : DM 49.00, EUR 25.05</subfield>
   <subfield code="9">3-520-19403-1</subfield>
  </datafield>
  <datafield tag="035" ind1=" " ind2=" ">
   <subfield code="a">(DE-627)300228678</subfield>
  </datafield>
  <datafield tag="035" ind1=" " ind2=" ">
   <subfield code="a">(DE-576)077993020</subfield>
  </datafield>
  <datafield tag="035" ind1=" " ind2=" ">
   <subfield code="a">(DE-599)GBV300228678</subfield>
  </datafield>
  <datafield tag="035" ind1=" " ind2=" ">
   <subfield code="a">(OCoLC)845304000</subfield>
  </datafield>
  <datafield tag="035" ind1=" " ind2=" ">
   <subfield code="a">(OCoLC)41561207</subfield>
  </datafield>
  <datafield tag="035" ind1=" " ind2=" ">
   <subfield code="a">(OCoLC)845304000</subfield>
  </datafield>
  <datafield tag="035" ind1=" " ind2=" ">
   <subfield code="a">(DE-478)952087491</subfield>
  </datafield>
  <datafield tag="040" ind1=" " ind2=" ">
   <subfield code="a">DE-627</subfield>
   <subfield code="b">ger</subfield>
   <subfield code="c">DE-627</subfield>
   <subfield code="e">rakwb</subfield>
  </datafield>
  <datafield tag="041" ind1=" " ind2=" ">
   <subfield code="a">ger</subfield>
   <subfield code="a">eng</subfield>
   <subfield code="a">fre</subfield>
   <subfield code="a">ita</subfield>
  </datafield>
  <datafield tag="044" ind1=" " ind2=" ">
   <subfield code="c">XA-DE</subfield>
   <subfield code="c">XA-DE-BW</subfield>
  </datafield>
  <datafield tag="082" ind1="0" ind2=" ">
   <subfield code="a">720.3</subfield>
  </datafield>
  <datafield tag="082" ind1="0" ind2="4">
   <subfield code="a">03</subfield>
   <subfield code="q">dnb</subfield>
  </datafield>
  <datafield tag="084" ind1=" " ind2=" ">
   <subfield code="a">Ral</subfield>
   <subfield code="2">asb</subfield>
  </datafield>
  <datafield tag="084" ind1=" " ind2=" ">
   <subfield code="a">KU 310</subfield>
   <subfield code="2">sfb</subfield>
  </datafield>
  <datafield tag="084" ind1=" " ind2=" ">
   <subfield code="a">K 130</subfield>
   <subfield code="2">kab</subfield>
  </datafield>
  <datafield tag="084" ind1=" " ind2=" ">
   <subfield code="a">45</subfield>
   <subfield code="a">03</subfield>
   <subfield code="2">sdnb</subfield>
  </datafield>
  <datafield tag="084" ind1=" " ind2=" ">
   <subfield code="a">9,10</subfield>
   <subfield code="a">1</subfield>
   <subfield code="2">ssgn</subfield>
  </datafield>
  <datafield tag="084" ind1=" " ind2=" ">
   <subfield code="a">LH 13500</subfield>
   <subfield code="2">rvk</subfield>
   <subfield code="0">(DE-625)rvk/92436:</subfield>
  </datafield>
  <datafield tag="084" ind1=" " ind2=" ">
   <subfield code="a">21.60</subfield>
   <subfield code="2">bkl</subfield>
  </datafield>
  <datafield tag="084" ind1=" " ind2=" ">
   <subfield code="a">56.60</subfield>
   <subfield code="2">bkl</subfield>
  </datafield>
  <datafield tag="100" ind1="1" ind2=" ">
   <subfield code="a">Koepf, Hans</subfield>
   <subfield code="d">1916-1994</subfield>
   <subfield code="e">VerfasserIn</subfield>
   <subfield code="0">(DE-588)133927075</subfield>
   <subfield code="0">(DE-627)558736939</subfield>
   <subfield code="0">(DE-576)161772870</subfield>
   <subfield code="4">aut</subfield>
  </datafield>
  <datafield tag="245" ind1="1" ind2="0">
   <subfield code="a">Bildwörterbuch der Architektur</subfield>
   <subfield code="b">mit englischem, französischem und italienischem Fachglossar</subfield>
   <subfield code="c">von Hans Koepf</subfield>
  </datafield>
  <datafield tag="250" ind1=" " ind2=" ">
   <subfield code="a">3. Aufl.</subfield>
   <subfield code="b">überarb. von Günther Binding</subfield>
  </datafield>
  <datafield tag="264" ind1=" " ind2="1">
   <subfield code="a">Stuttgart</subfield>
   <subfield code="b">Kröner</subfield>
   <subfield code="c">1999</subfield>
  </datafield>
  <datafield tag="300" ind1=" " ind2=" ">
   <subfield code="a">IX, 634 Seiten</subfield>
   <subfield code="b">Illustrationen, Karten</subfield>
   <subfield code="c">18 cm</subfield>
  </datafield>
  <datafield tag="336" ind1=" " ind2=" ">
   <subfield code="a">unbewegtes Bild</subfield>
   <subfield code="b">sti</subfield>
   <subfield code="2">rdacontent</subfield>
  </datafield>
  <datafield tag="337" ind1=" " ind2=" ">
   <subfield code="a">ohne Hilfsmittel zu benutzen</subfield>
   <subfield code="b">n</subfield>
   <subfield code="2">rdamedia</subfield>
  </datafield>
  <datafield tag="338" ind1=" " ind2=" ">
   <subfield code="a">Band</subfield>
   <subfield code="b">nc</subfield>
   <subfield code="2">rdacarrier</subfield>
  </datafield>
  <datafield tag="490" ind1="0" ind2=" ">
   <subfield code="a">Kröners Taschenausgabe</subfield>
   <subfield code="v">Bd. 194</subfield>
  </datafield>
  <datafield tag="500" ind1=" " ind2=" ">
   <subfield code="a">Literaturverz. S. [536] - 554</subfield>
  </datafield>
  <datafield tag="583" ind1="1" ind2=" ">
   <subfield code="a">Archivierung/Langzeitarchivierung gewährleistet</subfield>
   <subfield code="f">PEBW</subfield>
   <subfield code="x">XA-DE-BW</subfield>
   <subfield code="2">pdager</subfield>
   <subfield code="5">DE-24</subfield>
  </datafield>
  <datafield tag="583" ind1="1" ind2=" ">
   <subfield code="a">Archivierung/Langzeitarchivierung gewährleistet</subfield>
   <subfield code="f">SSG</subfield>
   <subfield code="x">XA-DE-BW</subfield>
   <subfield code="2">pdager</subfield>
   <subfield code="5">DE-21</subfield>
  </datafield>
  <datafield tag="583" ind1="1" ind2=" ">
   <subfield code="a">Archivierung/Langzeitarchivierung gewährleistet</subfield>
   <subfield code="f">SSG</subfield>
   <subfield code="x">XA-DE-BW</subfield>
   <subfield code="2">pdager</subfield>
   <subfield code="5">DE-16</subfield>
  </datafield>
  <datafield tag="653" ind1=" " ind2="0">
   <subfield code="a">Architecture - Dictionaries - German</subfield>
  </datafield>
  <datafield tag="655" ind1=" " ind2="7">
   <subfield code="a">Wörterbuch</subfield>
   <subfield code="0">(DE-588)4066724-8</subfield>
   <subfield code="0">(DE-627)104682620</subfield>
   <subfield code="0">(DE-576)209166061</subfield>
   <subfield code="2">gnd-content</subfield>
  </datafield>
  <datafield tag="655" ind1=" " ind2="7">
   <subfield code="a">Bildwörterbuch</subfield>
   <subfield code="0">(DE-588)4145505-8</subfield>
   <subfield code="0">(DE-627)105590614</subfield>
   <subfield code="0">(DE-576)209741945</subfield>
   <subfield code="2">gnd-content</subfield>
  </datafield>
  <datafield tag="689" ind1="0" ind2="0">
   <subfield code="d">s</subfield>
   <subfield code="0">(DE-588)4002851-3</subfield>
   <subfield code="0">(DE-627)104280352</subfield>
   <subfield code="0">(DE-576)208848975</subfield>
   <subfield code="a">Architektur</subfield>
   <subfield code="2">gnd</subfield>
  </datafield>
  <datafield tag="689" ind1="0" ind2=" ">
   <subfield code="5">DE-101</subfield>
  </datafield>
  <datafield tag="689" ind1="1" ind2="0">
   <subfield code="d">s</subfield>
   <subfield code="0">(DE-588)4002851-3</subfield>
   <subfield code="0">(DE-627)104280352</subfield>
   <subfield code="0">(DE-576)208848975</subfield>
   <subfield code="a">Architektur</subfield>
   <subfield code="2">gnd</subfield>
  </datafield>
  <datafield tag="689" ind1="1" ind2=" ">
   <subfield code="5">(DE-627)</subfield>
  </datafield>
  <datafield tag="700" ind1="1" ind2=" ">
   <subfield code="a">Binding, Günther</subfield>
   <subfield code="d">1936-</subfield>
   <subfield code="e">MitwirkendeR</subfield>
   <subfield code="0">(DE-588)119464136</subfield>
   <subfield code="0">(DE-627)080278604</subfield>
   <subfield code="0">(DE-576)160298946</subfield>
   <subfield code="4">ctb</subfield>
  </datafield>
  <datafield tag="787" ind1="0" ind2="8">
   <subfield code="i">Rezension</subfield>
   <subfield code="a">Leistikow, Dankwart, 1926 - 2010</subfield>
   <subfield code="t">[Rezension von: Hans Koepf, Bildwörterbuch der Architektur]</subfield>
   <subfield code="d">Regensburg : Schnell und Steiner, 2003</subfield>
   <subfield code="w">(DE-627)1553291662</subfield>
   <subfield code="w">(DE-576)483291668</subfield>
  </datafield>
  <datafield tag="787" ind1="0" ind2="8">
   <subfield code="i">Rezension</subfield>
   <subfield code="a">Tragbar, Klaus, 1959 - </subfield>
   <subfield code="t">[Rezension von: Hans Koepf, Bildwörterbuch der Architektur, 3. Auflage]</subfield>
   <subfield code="d">Braubach : Europäisches Burgeninstitut, 2004</subfield>
   <subfield code="w">(DE-627)1682093891</subfield>
  </datafield>
  <datafield tag="856" ind1="4" ind2="2">
   <subfield code="u">http://www.gbv.de/dms/hebis-darmstadt/toc/77899733.pdf</subfield>
   <subfield code="m">V:DE-603</subfield>
   <subfield code="m">B:DE-17</subfield>
   <subfield code="q">pdf/application</subfield>
   <subfield code="x">Verlag</subfield>
   <subfield code="y">Inhaltsverzeichnis</subfield>
   <subfield code="3">Inhaltsverzeichnis</subfield>
  </datafield>
  <datafield tag="856" ind1="4" ind2="2">
   <subfield code="u">http://www.bsz-bw.de/depot/media/3400000/3421000/3421308/99%5f0232.html</subfield>
   <subfield code="x">Verlag</subfield>
   <subfield code="3">Rezension</subfield>
  </datafield>
  <datafield tag="935" ind1=" " ind2=" ">
   <subfield code="a">mteo</subfield>
  </datafield>
  <datafield tag="935" ind1=" " ind2=" ">
   <subfield code="c">bild</subfield>
  </datafield>
  <datafield tag="935" ind1=" " ind2=" ">
   <subfield code="i">Blocktest</subfield>
  </datafield>
  <datafield tag="936" ind1="r" ind2="v">
   <subfield code="a">LH 13500</subfield>
   <subfield code="b">Architektur</subfield>
   <subfield code="k">Kunstgeschichte</subfield>
   <subfield code="k">Allgemeines. Allgemeine Kunstgeschichte</subfield>
   <subfield code="k">Lexika, Bibliografien, Bibliothekskataloge</subfield>
   <subfield code="k">Kunst- und Künstlerlexika</subfield>
   <subfield code="k">Reallexika einzelner Disziplinen der Kunst</subfield>
   <subfield code="k">Architektur</subfield>
   <subfield code="0">(DE-627)1270700723</subfield>
   <subfield code="0">(DE-625)rvk/92436:</subfield>
   <subfield code="0">(DE-576)200700723</subfield>
  </datafield>
  <datafield tag="936" ind1="b" ind2="k">
   <subfield code="a">21.60</subfield>
   <subfield code="j">Baugeschichte: Allgemeines</subfield>
   <subfield code="0">(DE-627)106421247</subfield>
  </datafield>
  <datafield tag="936" ind1="b" ind2="k">
   <subfield code="a">56.60</subfield>
   <subfield code="j">Architektur: Allgemeines</subfield>
   <subfield code="0">(DE-627)106418130</subfield>
  </datafield>
  <datafield tag="951" ind1=" " ind2=" ">
   <subfield code="a">BO</subfield>
  </datafield>
  <datafield tag="990" ind1=" " ind2=" ">
   <subfield code="a">Architektur</subfield>
  </datafield>
  <datafield tag="990" ind1=" " ind2=" ">
   <subfield code="a">Architektur</subfield>
  </datafield>
  <datafield tag="991" ind1=" " ind2=" ">
   <subfield code="a">Rezensiertes Werk</subfield>
  </datafield>
  <datafield tag="999" ind1=" " ind2=" ">
   <subfield code="a">KXP-PPN300228678</subfield>
   <subfield code="e">4013463776</subfield>
  </datafield>
 </record>
</collection>
